| 000 | 01175nam a22003257a 4500 | ||
|---|---|---|---|
| 003 | CHAP | ||
| 005 | 20220329140011.0 | ||
| 008 | 971013s1936 r 00010 d | ||
| 010 | _a45324 | ||
| 011 | _a46296 | ||
| 035 | _a50437 | ||
| 040 | _cCHAP | ||
| 082 |
_a634.9016 _bU55 |
||
| 110 |
_aUniversity of Oxford. Department of Forestry _9116757 |
||
| 245 | _aForest bibliography to 31st December, 1933 | ||
| 260 |
_aOxford : _bThe University, _c1936-38 |
||
| 300 | _a3 v. | ||
| 505 | _aContenido: v.1 General forestry (by countries) Silviculture.- v.2 Silviculture.- v.3 Forest protection | ||
| 590 |
_aBATCH-UPD _b10 _c20130110 _lUCH01 _h1618 |
||
| 590 |
_aBATCH-UPD _b10 _c20130410 _lUCH01 _h1012 |
||
| 590 |
_aBATCH-UPD _b10 _c20130914 _lUCH01 _h0714 |
||
| 590 |
_aCONVERSION _b10 _c20130109 _lUCH01 _h1325 |
||
| 650 | 1 | 4 |
_aBosques _xBibliografía. _914095 |
| 650 | 1 | 4 |
_aSilvicultura _xBibliografía. _9106112 |
| 901 | _aBK | ||
| 942 | _cLIBRO | ||
| 949 |
_a634.9016 U55 _bBC _cC _d33724000648598 _eC _fv.1 _h26142 _i50437 _si |
||
| 949 |
_a634.9016 U55 _bBC _cC _d33724000648606 _eC _fv.2 _h26144 _i50437 _si |
||
| 949 |
_a634.9016 U55 _bBC _cC _d33724000648614 _eC _fv.3 _h26144 _i50437 _si |
||
| 999 |
_c45324 _d45324 |
||